Armstrong's handbook of reward management practice : (Record no. 17742)
[ view plain ]
| 000 -LEADER | |
|---|---|
| fixed length control field | 00991nam a22002778a 4500 |
| 001 - CONTROL NUMBER | |
| control field | 016126739 |
| 003 - CONTROL NUMBER IDENTIFIER | |
| control field | OSt |
| 005 - DATE AND TIME OF LATEST TRANSACTION | |
| control field | 20141026152238.0 |
| 008 - FIXED-LENGTH DATA ELEMENTS--GENERAL INFORMATION | |
| fixed length control field | 120716s2012 xxkadf frb 001 0 eng d |
| 020 ## - INTERNATIONAL STANDARD BOOK NUMBER | |
| International Standard Book Number | 9780749466473 (pbk.) |
| 020 ## - INTERNATIONAL STANDARD BOOK NUMBER | |
| International Standard Book Number | 0749466472 (pbk.) |
| 040 ## - CATALOGING SOURCE | |
| Original cataloging agency | StDuBDS |
| Language of cataloging | eng |
| Transcribing agency | StDuBDS |
| Modifying agency | EG-ScBUE |
| 082 00 - DEWEY DECIMAL CLASSIFICATION NUMBER | |
| Classification number | 658.3142 |
| Edition number | 22 |
| Item number | ARM |
| 100 1# - MAIN ENTRY--PERSONAL NAME | |
| Personal name | Armstrong, Michael, |
| Dates associated with a name | 1928- |
| 9 (RLIN) | 23156 |
| 245 10 - TITLE STATEMENT | |
| Title | Armstrong's handbook of reward management practice : |
| Remainder of title | improving performance through reward / |
| Statement of responsibility, etc | Michael Armstrong. |
| 246 30 - VARYING FORM OF TITLE | |
| Title proper/short title | Handbook of reward management practice |
| 250 ## - EDITION STATEMENT | |
| Edition statement | 4th ed. |
| 260 ## - PUBLICATION, DISTRIBUTION, ETC. (IMPRINT) | |
| Place of publication, distribution, etc | London ; |
| -- | Philadelphia, United States ; |
| -- | New Delhi : |
| Name of publisher, distributor, etc | Kogan Page, |
| Date of publication, distribution, etc | 2012. |
| 300 ## - PHYSICAL DESCRIPTION | |
| Extent | xiv, 442 p. : |
| Other physical details | chart, forms, tables ; |
| Dimensions | 24 cm. |
| 500 ## - GENERAL NOTE | |
| General note | Index : p. 433-442. |
| 504 ## - BIBLIOGRAPHY, ETC. NOTE | |
| Bibliography, etc | Includes bibliographical references. |
| 650 #0 - SUBJECT ADDED ENTRY--TOPICAL TERM | |
| Topical term or geographic name as entry element | Employee motivation. |
| 9 (RLIN) | 34407 |
| 653 ## - INDEX TERM--UNCONTROLLED | |
| Resource For college | BAEPS, Business Administration |
| Arrived date list | November2013 |
| -- | October2014 |
| 655 ## - INDEX TERM--GENRE/FORM | |
| Form subdivision | |
| -- | 33728 |
| 942 ## - ADDED ENTRY ELEMENTS (KOHA) | |
| Source of classification or shelving scheme | Dewey Decimal Classification |
| Item type | Book - Borrowing |
| Call number prefix | 658.3142 ARM |
| Withdrawn status | Item status | Source of classification or shelving scheme | Damaged status | Not for loan | Vendor | Home library | Current library | Shelving location | Date acquired | Source of acquisition | Cost, normal purchase price | Total Checkouts | Total Renewals | Full call number | Barcode | Date last seen | Date last borrowed | Cost, replacement price | Koha item type | Materials specified (bound volume or other part) |
|---|---|---|---|---|---|---|---|---|---|---|---|---|---|---|---|---|---|---|---|---|
| Dewey Decimal Classification | Baccah | Central Library | Central Library | First floor | 10/11/2013 | 360.00 | 7 | 49 | 658.3142 ARM | 000035058 | 15/07/2025 | 18/12/2019 | 450.00 | Book - Borrowing | ||||||
| Lost | Dewey Decimal Classification | Baccah | Central Library | Central Library | First floor | 02/12/2013 | 360.00 | 658.3142 ARM | 000029645 | 02/12/2013 | 450.00 | NB - Book (Non borrowing) | Lost In Inventory_2015-8-23 | |||||||
| Dewey Decimal Classification | Baccah | Central Library | Central Library | First floor | 02/12/2013 | 360.00 | 10 | 43 | 658.3142 ARM | 000029646 | 15/07/2025 | 17/11/2020 | 450.00 | Book - Borrowing | ||||||
| Dewey Decimal Classification | Baccah | Central Library | Central Library | First floor | 26/10/2014 | 360.00 | 8 | 34 | 658.3142 ARM | 000036788 | 15/07/2025 | 17/12/2018 | 450.00 | Book - Borrowing | ||||||
| Dewey Decimal Classification | Baccah | Central Library | Central Library | First floor | 26/10/2014 | 360.00 | 6 | 20 | 658.3142 ARM | 000036789 | 15/07/2025 | 18/11/2018 | 450.00 | Book - Borrowing | ||||||
| Dewey Decimal Classification | Baccah | Central Library | Central Library | First floor | 26/10/2014 | 360.00 | 6 | 32 | 658.3142 ARM | 000036790 | 15/07/2025 | 13/11/2018 | 450.00 | Book - Borrowing | ||||||
| Dewey Decimal Classification | Baccah | Central Library | Central Library | First floor | 03/12/2014 | 360.00 | 8 | 26 | 658.3142 ARM | 000029773 | 15/07/2025 | 08/11/2018 | 450.00 | Book - Borrowing |